|
|
|
|
| LEADER |
01006nam a22002532a 4500 |
| 001 |
000392626 |
| 003 |
CZ BrMZK |
| 005 |
20120605081309.0 |
| 008 |
980107s1985 xr f cze d |
| 015 |
|
|
|a cnb000011231
|
| 035 |
|
|
|a (OCoLC)39411244
|
| 040 |
|
|
|a BOA001
|b cze
|c BOA002
|
| 100 |
1 |
|
|a Průša, Ivan,
|d 1940-2000
|7 jk01101458
|4 aut
|
| 245 |
1 |
0 |
|a Výběr ze zákonů ČSSR :
|b pomocná kniha k občanské nauce na školách 2. cyklu /
|c připravil Ivan Průša
|
| 250 |
|
|
|a 7. vyd.
|
| 260 |
|
|
|a Praha :
|b Státní pedagogické nakladatelství,
|c 1985
|
| 300 |
|
|
|a 121 s.
|
| 490 |
1 |
|
|a Prameny a dokumenty k občanské nauce na školách 2. cyklu
|
| 490 |
1 |
|
|a Pomocné knihy pro žáky
|
| 830 |
|
0 |
|a Prameny a dokumenty k občanské nauce na školách 2. cyklu
|0 s
|
| 830 |
|
0 |
|a Pomocné knihy pro žáky (Státní pedagogické nakladatelství)
|0 s
|
| 910 |
|
|
|a BOA001
|b PK-0071.132-85
|
| 990 |
|
|
|a BK
|
| 996 |
7 |
|
|b 3119817111
|c PK-0071.132-85
|l MZK
|r Sklad / do 1 hodiny
|n 0
|w 000392626
|u 000010
|a 1
|e BOA001
|j MZK50
|s A
|